Campeones de la Serie A - Estadísticas

Estadísticas generales
  • Esta prueba ha sido intentada 284 veces
    256 desde el último reinicio
  • La puntuación promedio es 100 de 122
Estadísticas de respuestas
Hint Respuesta % Correcto
1929-1930 | 1937-1938 | 1939-1940 Ambrosiana Inter
99%
1909-1910 | 1919-1920 | 1952-1953 | +11 others Internazionale
99%
2005-2006 ( reasignado) Internazionale (desclasificación Juventus)
99%
1905 | 1908 ( Federal no reconocido) | 1909 (Italiano no reconocido) | +34 others Juventus
99%
1901 | 1906 | 1907 | +15 others Milan
98%
1941-1942 | 1982-1983 | 2000-2001 Roma
92%
1973-1974 | 1999-2000 Lazio
90%
1986-1987 | 1989-1990 Napoli
90%
1926-1927 (revocado) | 1927-1928 | 1942-1943 | +5 others Torino
81%
1955-1956 | 1968-1969 Fiorentina
80%
1990-1991 Sampdoria
72%
1898 | 1899 | 1900 | +6 others Genoa
65%
1984-1985 Hellas Verona
64%
1969-1970 Cagliari
53%
1924-1925 | 1928-1929 | 1935-1936 | +4 others Bologna
49%
1908 | 1909 | 1910-1911 | +5 others Pro Vercelli
19%
1943-1944 (Campeonato del Norte de Italia) Bomberos de La Spezia
17%
1913-1914 Casale
9%
1921-1922 (FIGC) Novese
8%
1915-1919 | 1944-1945 suspendido por razones de guerra
3%
No se encontraron pruebas coincidentes
Distribución de puntuación
Porcentaje de gente con cada puntuación
Porcentaje por número respondido
Historial de tus puntuaciones
No has intentado esta prueba desde el último reinicio